000 00745nam a22002057a 4500
999 _c13387
_d13387
003 AR-CdUCM
008 190415b ||||| |||| 00| 0 spa d
040 _aMUNICIPALIDAD PROVINCIAL DEL CUSCO
_cBIBLIOTECA MUNICIPAL DEL CUSCO
082 _a808.5 /
_bM533
110 _aMunicipalidad del Qosqo
_96414
245 _aMemoria :
_bDiscurso pronunciado por el alcalde reelecto del Qosqo Dr. Daniel Estrada Perez, motivo de la instalación del concejo municipal para el periodo 1993-1995 /
260 _aCusco :
_c1993.
300 _a52 pƔginas ;
_c17 cm.
505 _aContenido: Discurso.
650 _aCusco
_9772
650 _aDaniel Estrada
_931794
650 _aPlan de gobierno
_931795
942 _2ddc
_cLIBROS
945 _adavv
_d15/04/2019